Surveyors welcome tenancy research (Record no. 70155)
[ view plain ]
| 000 -LEADER | |
|---|---|
| fixed length control field | 01066cam a2200205 4500 |
| 001 - CONTROL NUMBER | |
| control field | WB3816-27 |
| 008 - FIXED-LENGTH DATA ELEMENTS--GENERAL INFORMATION | |
| fixed length control field | 020501n2002 000 0 eng u |
| 035 ## - SYSTEM CONTROL NUMBER | |
| System control number | (Sirsi) u117811 |
| 245 ## - TITLE STATEMENT | |
| Title | Surveyors welcome tenancy research |
| 260 ## - PUBLICATION, DISTRIBUTION, ETC. | |
| Date of publication, distribution, etc. | 2002 |
| 490 ## - SERIES STATEMENT | |
| Series statement | RICS Press Release |
| Volume/sequential designation | (pr052) 1 May 2002, (2) |
| 520 ## - SUMMARY, ETC. | |
| Summary, etc. | RICS has played a central role in DEFRA commissioned research on the Agricultural Tenancies Act 1995, and welcomes its publication. The research carried out by Plymouth University has emphasised the need to evaluate the role played by farm business tenancies agreements in land tenure since 1995. "Economic evaluation of the Agricultural Tenancies Act 1995" is available from the DEFRA website at http://www.defra.gov.uk/esg/economics/econeval/ata1995/index.htm. http://www.rics.org/ricscms/bin/show?class=PressRelease&template=/includes/showpr.html&id=728 |
| 590 ## - LOCAL NOTE (RLIN) | |
| Local note | WB |
| 650 ## - SUBJECT ADDED ENTRY--TOPICAL TERM | |
| Topical term or geographic name entry element | AGRICULTURAL TENANCIES ACT 1995 |
| 650 ## - SUBJECT ADDED ENTRY--TOPICAL TERM | |
| Topical term or geographic name entry element | RICS |
| 650 ## - SUBJECT ADDED ENTRY--TOPICAL TERM | |
| Topical term or geographic name entry element | FARM BUSINESS TENANCIES |
| 650 ## - SUBJECT ADDED ENTRY--TOPICAL TERM | |
| Topical term or geographic name entry element | DEFRA |
| 690 ## - LOCAL SUBJECT ADDED ENTRY--TOPICAL TERM (OCLC, RLIN) | |
| Topical term or geographic name as entry element | Rural |
| 9 (RLIN) | 6268 |
| 942 ## - ADDED ENTRY ELEMENTS (KOHA) | |
| Suppress in OPAC | 0 |
| Withdrawn status | Lost status | Source of classification or shelving scheme | Damaged status | Not for loan | Home library | Current library | Shelving location | Date acquired | Total Checkouts | Full call number | Barcode | Date last seen | Copy number | Price effective from | Koha item type |
|---|---|---|---|---|---|---|---|---|---|---|---|---|---|---|---|
| Dewey Decimal Classification | London | London | News article | 01/05/2002 | WB3816-27 | 117811-1001 | 06/08/2019 | 1 | 06/08/2019 | News article |